Building SOA-Based Composite Applications Using NetBeans IDE 6 (Record no. 327346)

MARC details
000 -LEADER
fixed length control field 00596nam a2200169Ia 4500
008 - FIXED-LENGTH DATA ELEMENTS--GENERAL INFORMATION
fixed length control field 230718s9999 xx 000 0 und d
020 ## - INTERNATIONAL STANDARD BOOK NUMBER
International Standard Book Number 9789350232422
041 ## - LANGUAGE CODE
Language code of text/sound track or separate title eng
082 ## - DEWEY DECIMAL CLASSIFICATION NUMBER
Classification number 005.13'3
Item number SAL
100 ## - MAIN ENTRY--PERSONAL NAME
Personal name Salter D.
245 ## - TITLE STATEMENT
Title Building SOA-Based Composite Applications Using NetBeans IDE 6
Remainder of title Design,Build ,Test And Debug Service-Oriented Applications With Ease Using XML,BPEL And Java Web Services
260 ## - PUBLICATION, DISTRIBUTION, ETC. (IMPRINT)
Date of publication, distribution, etc. 2011
Name of publisher, distributor, etc. Packt Pub.
300 ## - PHYSICAL DESCRIPTION
Extent 281
365 ## - TRADE PRICE
Currency code Rs.
Price amount 375.00
700 ## - ADDED ENTRY--PERSONAL NAME
Personal name Salter D. & Jennings F.
9 (RLIN) 191851
906 ## - LOCAL DATA ELEMENT F, LDF (RLIN)
d O:0158028-Feb-2011B:703803-Feb-2011
c COMP
b 93.75
Holdings
Withdrawn status Lost status Damaged status Not for loan Home library Current library Date acquired Vendor Budget Code Cost, normal purchase price Bill number Total Checkouts Full call number Barcode Date last seen Discount Cost, replacement price Bill Date Koha item type Original Barcode
        Cummins College of Engineering for Women Pune Cummins College of Engineering for Women Pune 28/02/2011 Tbs COMP 281.25 7038   005.13'3 CCEP-BK-38553 18/07/2023 93.75 375.00 03/02/2011 Books 038553